I due papà di Fiammetta /

E' una malattia avere due papà? Beh, non m'importa, io ho due papà fantastici e voglio loro un mondo di bene! punto e basta! Un libro per parlare di famiglie omogenitoriali.

সংরক্ষণ করুন:
গ্রন্থ-পঞ্জীর বিবরন
প্রধান লেখক: Chazerand, Émilie
অন্যান্য লেখক: Souppart, Gaelle
বিন্যাস: গ্রন্থ
ভাষা:ইতালিয়
প্রকাশিত: Cornaredo : La margherita, 2019
মালা:L'orango rosa
ট্যাগগুলো: ট্যাগ যুক্ত করুন
কোনো ট্যাগ নেই, প্রথমজন হিসাবে ট্যাগ করুন!

MARC

LEADER 00000nam a22000007i 4500
001 IT\ICCU\RAV\2096811
003 ItRI
005 20260115232129.0
008 190712s2019 it |||||| ||||| |||||c
020 |a 9788865322673 
040 |b ita  |c importazione bologna sebina 
041 7 |a ita  |2 ISO-639-2 
082 |a 843.92  |9 NARRATIVA FRANCESE, 2000-  |2 21 
100 1 |a Chazerand, Émilie  |0 IT\ICCU\RAVV\692824 
240 1 4 |a Les papas de Violette  |3 IT\ICCU\RAV\2096817  |9 Chazerand, Émilie 
245 1 2 |a I due papà di Fiammetta /  |c Emilie Chazerand, Gaelle Souppart. 
260 |a Cornaredo :  |b La margherita,  |c 2019 
300 |a 1 volume (senza paginazione) :  |b ill. ;  |c 27 cm 
520 |a E' una malattia avere due papà? Beh, non m'importa, io ho due papà fantastici e voglio loro un mondo di bene! punto e basta! Un libro per parlare di famiglie omogenitoriali. 
700 1 |a Souppart, Gaelle  |0 IT\ICCU\RAVV\692825 
830 2 |a L'orango rosa  |0 IT\ICCU\LZ1\0004715 
942 |2 ddc  |c BK  |n 0 
952 |0 0  |1 0  |4 0  |6 R_843_920000000000000_CHA  |7 0  |9 20587  |a BO  |b BO  |d 2026-01-15  |i 19762  |l 0  |o R 843.92 CHA  |p BO19762  |r 2026-01-15 23:21:29  |w 2026-01-15  |x [Sebina 5] [1 v.]  |y BK  |z 1 v. 
999 |c 17577  |d 17577